header

The city of God. (Record no. 103657)

MARC details
000 -LEADER
fixed length control field 01432nam a2200361 a 4500
100 0# - MAIN ENTRY--AUTHOR NAME
Personal name Augustine,
245 14 - TITLE STATEMENT
Title The city of God.
260 ## - PUBLICATION, DISTRIBUTION, ETC. (IMPRINT)
Place of publication Washington, D.C. :
Name of publisher Catholic University of America Press,
Year of publication 2008, c1952.
300 ## - PHYSICAL DESCRIPTION
Number of Pages 567 p.
490 1# - SERIES STATEMENT
Series statement The fathers of the church : a new translation ;
500 ## - GENERAL NOTE
General note First paperback reprint.
650 #0 - SUBJECT ADDED ENTRY--TOPICAL TERM
Topical Term Kingdom of God
Topical Term Apologetics
700 1# - ADDED ENTRY--PERSONAL NAME
Personal name Walsh, Gerald G.
Personal name Monahan, Grace.
856 40 - ELECTRONIC LOCATION AND ACCESS
Uniform Resource Identifier http://site.ebrary.com/lib/rucke/Doc?id=10382816

No items available.

© 2026 Rongo University
Contact us: librarian | system librarian | Rongo university